000 00843nam a22002057a 4500
999 _c50698
_d50698
005 20210325200704.0
008 s2549 th tha d
020 _a9743238263
040 _aNALT
041 _atha
050 _aJQ1745.A5
_bป384จ 2549
100 0 _aประเวศ วะสี
245 1 0 _aจากหมอประเวศถึงทักษิณ 2544-2549 /
_cประเวศ วะสี
260 _aกรุงเทพฯ :
_bมติชน,
_c2549
300 _a214 หน้า :
_bภาพประกอบ ;
_c21 ซม.
650 0 4 _aทักษิณ ชินวัตร -- ผลงาน -- วิจารณ์
650 0 4 _aไทย -- การเมืองและการปกครอง -- 2544--2549 -- วิจารณ์
850 _aNALT
942 _cGB
_2lcc